00883nam a2200277Ic 450000100060000000300100000600500170001600700030003300800410003602000180007704000350009504100080013008400060013810000280014424500800017225000220025226400490027430000450032333600270036833700330039533800280042865000400045665000400049665000400053670000290057657929CO-BoRNBP20250812204959.0ta180109s9999 xx 000 0 und d a9788424635725 aCO-BoRNBPbspaerdacCO-BoRNBP aspa aA aComotto, Agustíneaut13aEl secreto de las jirafas /cAgustín Comotto ; edición David Monserrat. aPrimera edición 1aBarcelona, España :bLa Galera;2011,c2011 a[26] páginas :bilustraciones en color atextobtxt2rdacontent asin mediaciónbn2rdamedia avolumenbnc2rdacarrier07aAnimales - Cuentos Infantiles2lemb07aAutores Argentinos - Siglo XX2lemb04aLiteratura infantil argentina2LEMB aMonserrat, David, editor